[Event "CAN-ch U10"]
[Site "Toronto CAN"]
[Date "1997.04.01"]
[Round "3"]
[White "Sharp, Nigel"]
[Black "Leung, Victor"]
[Result "0-1"]
[WhiteElo "1457"]
[BlackElo "1085"]
[PlyCount "90"]
[GameId "2160767911966556"]
[EventDate "1997.01.31"]
[EventType "swiss"]
[EventRounds "5"]
[EventCountry "CAN"]
[SourceTitle "EXT 2002"]
[Source "ChessBase"]
[SourceDate "2001.11.25"]
[SourceVersion "1"]
[SourceVersionDate "2001.11.25"]
[SourceQuality "1"]

1. e4 e6 2. d4 Nc6 3. Nf3 d6 4. Be2 Nf6 5. Nc3 Be7 6. O-O O-O 7. Bg5 h6 8. Bxf6 Bxf6 9. d5 Ne5 10. Nxe5 Bxe5 11. dxe6 Bxe6 12. Qd3 f5 13. Qh3 Qd7 14. Qh5 Bxc3 15. bxc3 fxe4 16. Qh4 d5 17. c4 dxc4 18. Qxe4 Qd5 19. Qg6 Rf6 20. Qg3 Qd6 21. Qxd6 cxd6 22. Rad1 d5 23. Bf3 Rf5 24. Bg4 Re5 25. Bxe6+ Rxe6 26. Rxd5 Rae8 27. h3 Re2 28. Rd7 Rxc2 29. Rxb7 Rxa2 30. Rc7 Ra4 31. Rd1 Kh7 32. Rdd7 Rg8 33. Rxa7 Rxa7 34. Rxa7 Rc8 35. Ra2 g5 36. Rc2 Kg6 37. Kf1 Kf5 38. Ke2 Ke4 39. f3+ Kd4 40. Kd2 c3+ 41. Ke2 Rb8 42. Kd1 Rb2 43. g3 Kd3 44. Rc1 c2+ 45. Ke1 Rb1 0-1

[Event "CAN-ch U10"]
[Site "Toronto CAN"]
[Date "1997.04.01"]
[Round "3"]
[White "Walker, Sean"]
[Black "Perecowicz, Jonathan"]
[Result "1-0"]
[WhiteElo "1288"]
[BlackElo "1215"]
[PlyCount "69"]
[GameId "2160767911966557"]
[EventDate "1997.01.31"]
[EventType "swiss"]
[EventRounds "5"]
[EventCountry "CAN"]
[SourceTitle "EXT 2002"]
[Source "ChessBase"]
[SourceDate "2001.11.25"]
[SourceVersion "1"]
[SourceVersionDate "2001.11.25"]
[SourceQuality "1"]

1. e4 c6 2. d3 d5 3. exd5 cxd5 4. Nf3 Nc6 5. Bf4 Bg4 6. Be2 Bxf3 7. Bxf3 e5 8. Be3 Nf6 9. Bg5 Be7 10. Nc3 Bb4 11. Bxf6 Bxc3+ 12. bxc3 gxf6 13. Rb1 Qc7 14. Bxd5 O-O-O 15. Be4 Rhg8 16. Qf3 Rd6 17. Bxh7 Rg7 18. Be4 Kb8 19. Qh3 Rg8 20. Qf3 Qa5 21. Bxc6 Qxc3+ 22. Kd1 Rxc6 23. Rc1 Rgc8 24. Qe2 Qb2 25. c4 Qd4 26. h4 Rxc4 27. Rxc4 Rxc4 28. Qd2 Qa1+ 29. Ke2 Qxh1 30. dxc4 Kc7 31. Qa5+ Kc6 32. Qd5+ Kb6 33. c5+ Ka6 34. Qe4 Qh2 35. Qa4# 1-0

[Event "CAN-ch U10"]
[Site "Toronto CAN"]
[Date "1997.04.02"]
[Round "4"]
[White "Buscar, Michael"]
[Black "Walker, Sean"]
[Result "1-0"]
[WhiteElo "1689"]
[BlackElo "1288"]
[PlyCount "95"]
[GameId "2160767911966558"]
[EventDate "1997.01.31"]
[EventType "swiss"]
[EventRounds "5"]
[EventCountry "CAN"]
[SourceTitle "EXT 2002"]
[Source "ChessBase"]
[SourceDate "2001.11.25"]
[SourceVersion "1"]
[SourceVersionDate "2001.11.25"]
[SourceQuality "1"]

1. Nf3 d5 2. g3 c6 3. Bg2 Bg4 4. O-O Nd7 5. d3 e5 6. Nbd2 Ngf6 7. c4 Bd6 8. a3 a5 9. Rb1 d4 10. b4 axb4 11. axb4 c5 12. b5 O-O 13. Ng5 Ra7 14. h3 Bf5 15. Nge4 Be7 16. Bb2 Qc8 17. Qb3 Nb6 18. Kh2 Bg6 19. Ra1 Rxa1 20. Rxa1 Nxe4 21. Nxe4 f5 22. Nd2 Bd6 23. Kg1 Re8 24. e3 dxe3 25. fxe3 e4 26. Nf1 Qc7 27. Kh2 h5 28. h4 Nd7 29. d4 b6 30. dxc5 Nxc5 31. Qc2 Nd3 32. Qb3 Bf7 33. Qa4 Nxb2 34. Qb3 Nxc4 35. Qd1 Nb2 36. Qd2 Nd3 37. Bh3 Be6 38. Qe2 g6 39. Bg2 Be5 40. Ra6 Bc4 41. Qd2 Bxb5 42. Ra3 Rd8 43. Qa2+ Qc4 44. Qb1 Bb2 45. Ra7 Ba4 46. Nd2 Qb4 47. Qa2+ Kf8 48. Qf7# 1-0

[Event "CAN-ch U10"]
[Site "Toronto CAN"]
[Date "1997.04.02"]
[Round "4"]
[White "Fournier, Paul"]
[Black "Miller, Max"]
[Result "0-1"]
[WhiteElo "865"]
[BlackElo "1488"]
[PlyCount "76"]
[GameId "2160767911966559"]
[EventDate "1997.01.31"]
[EventType "swiss"]
[EventRounds "5"]
[EventCountry "CAN"]
[SourceTitle "EXT 2002"]
[Source "ChessBase"]
[SourceDate "2001.11.25"]
[SourceVersion "1"]
[SourceVersionDate "2001.11.25"]
[SourceQuality "1"]

1. e4 e5 2. Nf3 Nc6 3. Bb5 d6 4. c3 a6 5. Ba4 b5 6. Bc2 Nf6 7. d4 exd4 8. cxd4 Bg4 9. Nc3 Bxf3 10. Qxf3 Nxd4 11. Qg3 Nxc2+ 12. Ke2 Nxa1 13. Rd1 Qc8 14. e5 dxe5 15. Qxe5+ Be7 16. Kf1 Qe6 17. Bf4 Qxe5 18. Bxe5 Nc2 19. Nd5 Nxd5 20. Rxd5 O-O 21. Bxc7 Nb4 22. Rd1 Nxa2 23. Re1 Rfe8 24. Ba5 Bf6 25. Ra1 Rac8 26. g3 Rc1+ 27. Rxc1 Nxc1 28. Kg1 Bxb2 29. h4 Rc8 30. Kg2 Bc3 31. Bxc3 Rxc3 32. Kh3 b4 33. f4 b3 34. Kg4 b2 35. Kg5 b1=Q 36. h5 Nb3 37. h6 gxh6+ 38. Kxh6 Qg6# 0-1

[Event "CAN-ch U10"]
[Site "Toronto CAN"]
[Date "1997.04.02"]
[Round "4"]
[White "Leung, Victor"]
[Black "Predescu, Sebastian"]
[Result "0-1"]
[WhiteElo "1085"]
[BlackElo "1545"]
[PlyCount "88"]
[GameId "2160767911966560"]
[EventDate "1997.01.31"]
[EventType "swiss"]
[EventRounds "5"]
[EventCountry "CAN"]
[SourceTitle "EXT 2002"]
[Source "ChessBase"]
[SourceDate "2001.11.25"]
[SourceVersion "1"]
[SourceVersionDate "2001.11.25"]
[SourceQuality "1"]

1. e4 e5 2. Nf3 Nc6 3. Be2 Bc5 4. d3 Nf6 5. Bg5 d6 6. O-O h6 7. Bh4 Be6 8. Nc3 Qd7 9. a3 g5 10. Bg3 g4 11. Nh4 Nh5 12. Nd5 O-O-O 13. Kh1 Nxg3+ 14. fxg3 h5 15. Nb4 Nd4 16. c3 Nxe2 17. Qxe2 Rdf8 18. Rf6 d5 19. Raf1 dxe4 20. Qxe4 Be7 21. R6f2 f6 22. Ng6 Bxb4 23. Qxb4 Rfg8 24. Nxh8 Rxh8 25. Rxf6 Qxd3 26. Rf8+ Kd7 27. R8f2 e4 28. Qd4+ Qxd4 29. cxd4 e3 30. Rf4 e2 31. Re1 Bc4 32. Kg1 Ke6 33. Kf2 Rd8 34. Rxe2+ Bxe2 35. Kxe2 Rd5 36. Re4+ Kd6 37. Kd3 c5 38. b3 cxd4 39. Rxd4 Rxd4+ 40. Kxd4 Kc6 41. a4 a5 42. Kc4 b6 43. Kc3 Kc5 44. Kb2 Kd4 0-1

[Event "CAN-ch U10"]
[Site "Toronto CAN"]
[Date "1997.04.02"]
[Round "4"]
[White "Perecowicz, Jonathan"]
[Black "Ramaswamy, Kishor"]
[Result "0-1"]
[WhiteElo "1215"]
[BlackElo "1348"]
[PlyCount "57"]
[GameId "2160767911966561"]
[EventDate "1997.01.31"]
[EventType "swiss"]
[EventRounds "5"]
[EventCountry "CAN"]
[SourceTitle "EXT 2002"]
[Source "ChessBase"]
[SourceDate "2001.11.25"]
[SourceVersion "1"]
[SourceVersionDate "2001.11.25"]
[SourceQuality "1"]

1. e4 c6 2. d4 d5 3. exd5 cxd5 4. c4 e6 5. Nc3 Nc6 6. Nf3 Nf6 7. cxd5 Nxd5 8. Bb5 Bb4 9. Bd2 O-O 10. Ne4 Bxd2+ 11. Qxd2 Qa5 12. Bxc6 Qxd2+ 13. Nfxd2 bxc6 14. Nc5 Nb4 15. O-O Ba6 16. Rfd1 Nc2 17. Rac1 Nxd4 18. Nxa6 Ne2+ 19. Kf1 Nxc1 20. Rxc1 Rad8 21. Nb3 Rd6 22. Ke2 Rfd8 23. Nac5 Rd5 24. Nb7 Re5+ 25. Kf1 Rd7 26. N7a5 Red5 27. Rxc6 Rd1+ 28. Ke2 g6 29. Rc2 0-1

[Event "CAN-ch U10"]
[Site "Toronto CAN"]
[Date "1997.04.02"]
[Round "4"]
[White "Sharp, Nigel"]
[Black "Bobbitt, Neil"]
[Result "1-0"]
[WhiteElo "1457"]
[BlackElo "737"]
[PlyCount "123"]
[GameId "2160767911966562"]
[EventDate "1997.01.31"]
[EventType "swiss"]
[EventRounds "5"]
[EventCountry "CAN"]
[SourceTitle "EXT 2002"]
[Source "ChessBase"]
[SourceDate "2001.11.25"]
[SourceVersion "1"]
[SourceVersionDate "2001.11.25"]
[SourceQuality "1"]

1. e4 d5 2. exd5 Qxd5 3. Nc3 Qd8 4. d4 Nc6 5. Nf3 Bg4 6. Bb5 Bd7 7. O-O Na5 8. Bxd7+ Qxd7 9. Be3 O-O-O 10. Nd2 Nh6 11. Nf3 Nc4 12. Bxh6 gxh6 13. b3 Nb6 14. Ne5 Qe8 15. Qf3 f6 16. Qf5+ Kb8 17. Nf3 Qd7 18. Qxd7 Rxd7 19. Rad1 c6 20. Ne4 Nd5 21. Nc5 Rd8 22. Ne6 Rd7 23. Nxf8 Rxf8 24. Rfe1 Nc3 25. Rd3 Nxa2 26. c3 h5 27. Ra1 Rd6 28. Rxa2 c5 29. Re2 e5 30. b4 cxb4 31. cxb4 Rc8 32. h3 Re6 33. dxe5 fxe5 34. Rxe5 Rxe5 35. Nxe5 Rc1+ 36. Kh2 Rc2 37. f4 Rf2 38. Rf3 Rxf3 39. gxf3 Kc8 40. Kg3 Kd8 41. Kh4 Ke7 42. Kxh5 Kf6 43. Kh6 Kf5 44. Kxh7 Kxf4 45. Kg6 Kxe5 46. h4 Ke6 47. h5 Ke7 48. Kg7 Ke8 49. h6 b6 50. h7 a5 51. bxa5 bxa5 52. h8=Q+ Ke7 53. Qa8 Ke6 54. Qxa5 Ke7 55. Qf5 Kd8 56. Qf7 Kc8 57. Kf6 Kb8 58. Qd7 Ka8 59. Ke6 Kb8 60. Kd6 Ka8 61. Kc6 Kb8 62. Qb7# 1-0

[Event "CAN-ch U10"]
[Site "Toronto CAN"]
[Date "1997.04.02"]
[Round "5"]
[White "Bobbitt, Neil"]
[Black "Leung, Victor"]
[Result "1-0"]
[WhiteElo "737"]
[BlackElo "1085"]
[PlyCount "62"]
[GameId "2160767911966563"]
[EventDate "1997.01.31"]
[EventType "swiss"]
[EventRounds "5"]
[EventCountry "CAN"]
[SourceTitle "EXT 2002"]
[Source "ChessBase"]
[SourceDate "2001.11.25"]
[SourceVersion "1"]
[SourceVersionDate "2001.11.25"]
[SourceQuality "1"]

1. e4 e6 2. d4 d6 3. d5 Nf6 4. dxe6 Bxe6 5. Nc3 Be7 6. Nf3 O-O 7. e5 dxe5 8. Qxd8 Rxd8 9. Nxe5 Nd5 10. Bd2 Nxc3 11. Bxc3 Bf6 12. g3 Bd5 13. Rd1 Bxh1 14. Rxd8+ Bxd8 15. Bc4 Kf8 16. Bxf7 Nc6 17. Nxc6 Bxc6 18. Bh5 g6 19. Be2 Be7 20. Be5 Bd6 21. Bc3 Re8 22. Kd1 Rd8 23. Kc1 Bc5 24. f4 Be3+ 25. Kb1 Bb5 26. Bf3 Bc6 27. Be2 Bg2 28. a3 Bd2 29. Bf6 Re8 30. Bd3 Bd5 31. f5 Re1# 1-0

[Event "CAN-ch U10"]
[Site "Toronto CAN"]
[Date "1997.04.02"]
[Round "5"]
[White "Perecowicz, Jonathan"]
[Black "Fournier, Paul"]
[Result "1-0"]
[WhiteElo "1215"]
[BlackElo "865"]
[PlyCount "61"]
[GameId "2160767911966564"]
[EventDate "1997.01.31"]
[EventType "swiss"]
[EventRounds "5"]
[EventCountry "CAN"]
[SourceTitle "EXT 2002"]
[Source "ChessBase"]
[SourceDate "2001.11.25"]
[SourceVersion "1"]
[SourceVersionDate "2001.11.25"]
[SourceQuality "1"]

1. e4 e5 2. Nf3 Nc6 3. Nc3 Nf6 4. d4 d6 5. dxe5 dxe5 6. Qxd8+ Nxd8 7. Nxe5 Bd6 8. Nf3 Nc6 9. Bb5 Bd7 10. O-O Ng4 11. Nd5 O-O 12. h3 Nge5 13. Nxe5 Bxe5 14. f4 Bd6 15. b4 a6 16. Ba4 b5 17. Bb3 Nxb4 18. Nxb4 Bxb4 19. Re1 Bxe1 20. Bb2 Ba5 21. Rd1 Rad8 22. c3 Be6 23. Rf1 Bxb3 24. axb3 Rd7 25. Kh2 Rfd8 26. Rf3 Rd3 27. Rf1 Bxc3 28. Bxc3 Rxc3 29. Ra1 Rxb3 30. Rxa6 Rd2 31. Ra8+ 1-0

[Event "CAN-ch U10"]
[Site "Toronto CAN"]
[Date "1997.04.02"]
[Round "5"]
[White "Predescu, Sebastian"]
[Black "Buscar, Michael"]
[Result "1-0"]
[WhiteElo "1545"]
[BlackElo "1689"]
[PlyCount "55"]
[GameId "2160767911966565"]
[EventDate "1997.01.31"]
[EventType "swiss"]
[EventRounds "5"]
[EventCountry "CAN"]
[SourceTitle "EXT 2002"]
[Source "ChessBase"]
[SourceDate "2001.11.25"]
[SourceVersion "1"]
[SourceVersionDate "2001.11.25"]
[SourceQuality "1"]

1. e4 c5 2. Nf3 Nc6 3. d4 cxd4 4. Nxd4 Nf6 5. Nc3 d6 6. f3 g6 7. Be3 Bg7 8. Qd2 O-O 9. g4 Re8 10. Bc4 Ne5 11. Bb3 Qb6 12. O-O-O Qd8 13. Bh6 Bh8 14. h4 a5 15. h5 b6 16. hxg6 hxg6 17. Bf8 Rxf8 18. Rxh8+ Kxh8 19. Qh2+ Nh5 20. gxh5 g5 21. f4 Ng4 22. Qg3 Ne3 23. Qxe3 e6 24. fxg5 Rg8 25. g6 Qf8 26. gxf7 Rg7 27. Qh6+ Rh7 28. Qxf8# 1-0

[Event "CAN-ch U10"]
[Site "Toronto CAN"]
[Date "1997.04.02"]
[Round "5"]
[White "Walker, Sean"]
[Black "Miller, Max"]
[Result "1-0"]
[WhiteElo "1288"]
[BlackElo "1488"]
[PlyCount "34"]
[GameId "2160767911966566"]
[EventDate "1997.01.31"]
[EventType "swiss"]
[EventRounds "5"]
[EventCountry "CAN"]
[SourceTitle "EXT 2002"]
[Source "ChessBase"]
[SourceDate "2001.11.25"]
[SourceVersion "1"]
[SourceVersionDate "2001.11.25"]
[SourceQuality "1"]

1. e4 e5 2. Nf3 Nc6 3. Bc4 Bc5 4. d3 h6 5. Nc3 Nf6 6. Be3 Bxe3 7. fxe3 O-O 8. O-O d6 9. h3 Be6 10. Bxe6 fxe6 11. d4 exd4 12. exd4 Qd7 13. Ne2 Nxe4 14. d5 Ne7 15. dxe6 Qxe6 16. Qd3 Qf5 17. Qb3+ Kh7 1-0

[Event "CAN-ch U12"]
[Site "Toronto CAN"]
[Date "1997.01.31"]
[Round "1"]
[White "Awate, Archis"]
[Black "Fortin, Marc"]
[Result "0-1"]
[WhiteElo "1724"]
[BlackElo "1942"]
[PlyCount "60"]
[GameId "2160767911966567"]
[EventDate "1997.01.31"]
[EventType "swiss"]
[EventRounds "5"]
[EventCountry "CAN"]
[SourceTitle "EXT 2002"]
[Source "ChessBase"]
[SourceDate "2001.11.25"]
[SourceVersion "1"]
[SourceVersionDate "2001.11.25"]
[SourceQuality "1"]

1. e4 c5 2. Nc3 Nc6 3. g3 g6 4. Bg2 Bg7 5. Nge2 e6 6. O-O Nge7 7. d3 O-O 8. f4 b6 9. g4 f5 10. gxf5 exf5 11. e5 Bb7 12. Nd5 d6 13. e6 Nxd5 14. Bxd5 Qe7 15. Nc3 Nd4 16. Re1 Rfe8 17. Bxb7 Qxb7 18. Kf2 Nxe6 19. Bd2 Bd4+ 20. Be3 Nxf4 21. Qf3 Qxf3+ 22. Kxf3 Bxe3 23. Rxe3 Rxe3+ 24. Kxe3 g5 25. Rg1 h6 26. a3 d5 27. Nb5 a6 28. Nd6 Rf8 29. Rg3 Rf6 30. Nc8 Kf7 0-1

[Event "CAN-ch U12"]
[Site "Toronto CAN"]
[Date "1997.01.31"]
[Round "1"]
[White "Brown, Ryan"]
[Black "Canal, Richard"]
[Result "1-0"]
[WhiteElo "1553"]
[BlackElo "1162"]
[PlyCount "67"]
[GameId "2160767911966568"]
[EventDate "1997.01.31"]
[EventType "swiss"]
[EventRounds "5"]
[EventCountry "CAN"]
[SourceTitle "EXT 2002"]
[Source "ChessBase"]
[SourceDate "2001.11.25"]
[SourceVersion "1"]
[SourceVersionDate "2001.11.25"]
[SourceQuality "1"]

1. e4 c5 2. Nf3 d6 3. Nc3 g6 4. d4 Nc6 5. Bb5 Bd7 6. dxc5 dxc5 7. O-O Bg7 8. Bf4 Nf6 9. Qe2 O-O 10. Rad1 Nh5 11. Be3 b6 12. Bxc6 Bxc6 13. Rxd8 Raxd8 14. Bd2 Bxc3 15. Bxc3 Nf6 16. Bxf6 exf6 17. e5 Rfe8 18. Rd1 Bxf3 19. Qxf3 Rxd1+ 20. Qxd1 Rxe5 21. f4 Re4 22. Qf3 f5 23. g4 h5 24. gxf5 gxf5 25. Qxh5 Re1+ 26. Kf2 Rc1 27. Qxf5 a5 28. h4 f6 29. h5 Kh8 30. Qxf6+ Kh7 31. Qg6+ Kh8 32. h6 Rxc2+ 33. Qxc2 b5 34. Qg6 1-0

[Event "CAN-ch U12"]
[Site "Toronto CAN"]
[Date "1997.01.31"]
[Round "1"]
[White "Divljan, Igor"]
[Black "Chua, Samuel"]
[Result "0-1"]
[WhiteElo "1866"]
[BlackElo "1712"]
[PlyCount "31"]
[GameId "2160767911966569"]
[EventDate "1997.01.31"]
[EventType "swiss"]
[EventRounds "5"]
[EventCountry "CAN"]
[SourceTitle "EXT 2002"]
[Source "ChessBase"]
[SourceDate "2001.11.25"]
[SourceVersion "1"]
[SourceVersionDate "2001.11.25"]
[SourceQuality "1"]

1. e4 c5 2. b3 Nc6 3. Bb2 d6 4. Nf3 e6 5. Nc3 Nf6 6. d4 cxd4 7. Nxd4 Bd7 8. Ndb5 Qa5 9. f3 d5 10. exd5 Nxd5 11. Bc4 Bb4 12. Bxd5 Qxb5 13. Bxc6 Bxc6 14. a3 Qe5+ 15. Qe2 Bxc3+ 16. Kf2 0-1

[Event "CAN-ch U12"]
[Site "Toronto CAN"]
[Date "1997.01.31"]
[Round "1"]
[White "Landry, Scott"]
[Black "Zou, Yuchuan"]
[Result "0-1"]
[WhiteElo "1319"]
[BlackElo "1770"]
[PlyCount "80"]
[GameId "2160767911966570"]
[EventDate "1997.01.31"]
[EventType "swiss"]
[EventRounds "5"]
[EventCountry "CAN"]
[SourceTitle "EXT 2002"]
[Source "ChessBase"]
[SourceDate "2001.11.25"]
[SourceVersion "1"]
[SourceVersionDate "2001.11.25"]
[SourceQuality "1"]

1. e4 e5 2. Nf3 Nc6 3. Nc3 Nf6 4. Bc4 h6 5. O-O d6 6. h3 Na5 7. Bb5+ c6 8. Be2 c5 9. d3 Be7 10. Be3 O-O 11. a3 Nc6 12. Bd2 Be6 13. Nh4 Nd4 14. Re1 Nxe2+ 15. Qxe2 Nxe4 16. Qxe4 Bxh4 17. Qxb7 Qf6 18. Re2 Qg6 19. Re3 Bg5 20. Rg3 Qf5 21. Bxg5 hxg5 22. Rf3 Qg6 23. Nd5 Bxd5 24. Qxd5 Rab8 25. Rb1 Rb6 26. Rg3 Qf5 27. Rf3 Qg6 28. Rg3 Qh5 29. c3 Kh8 30. d4 Qg6 31. Rc1 cxd4 32. cxd4 Rxb2 33. dxe5 dxe5 34. Qxe5 Qf6 35. Qc5 Kg8 36. Rxg5 Rxf2 37. Rh5 Rd2 38. Qxa7 Rxg2+ 39. Kh1 Qf3 40. Rg1 Rf2+ 0-1

[Event "CAN-ch U12"]
[Site "Toronto CAN"]
[Date "1997.01.31"]
[Round "1"]
[White "Ma, Xiao"]
[Black "Kovacs, Peter"]
[Result "1/2-1/2"]
[WhiteElo "1588"]
[BlackElo "1869"]
[PlyCount "129"]
[GameId "2160767911966571"]
[EventDate "1997.01.31"]
[EventType "swiss"]
[EventRounds "5"]
[EventCountry "CAN"]
[SourceTitle "EXT 2002"]
[Source "ChessBase"]
[SourceDate "2001.11.25"]
[SourceVersion "1"]
[SourceVersionDate "2001.11.25"]
[SourceQuality "1"]

1. e4 e6 2. d4 d5 3. Nc3 Bb4 4. e5 c5 5. a3 Bxc3+ 6. bxc3 Qc7 7. Nf3 Nc6 8. Bd3 f6 9. exf6 Nxf6 10. O-O O-O 11. Re1 Bd7 12. h3 Rae8 13. Ne5 Kh8 14. Bf4 Qc8 15. Bg3 c4 16. Bf1 Ne4 17. Re3 Nxe5 18. dxe5 Qc5 19. Qd4 Rc8 20. Be2 Ba4 21. Ra2 Nxc3 22. Qxc5 Nxe2+ 23. Rxe2 Rxc5 24. Rb2 b6 25. c3 Bb3 26. Bh4 Rf7 27. Re1 h6 28. f3 Ra5 29. Ra1 Rb7 30. Bf2 Kg8 31. Kf1 Kf7 32. Ke2 Ke7 33. Bd4 Kd7 34. Kd2 Kc6 35. Rbb1 b5 36. g3 g5 37. Rf1 Rc7 38. Rfe1 Kd7 39. Rf1 Ra6 40. f4 Rac6 41. fxg5 hxg5 42. h4 gxh4 43. gxh4 Ke8 44. h5 Rh7 45. Rh1 Rcc7 46. h6 Rcf7 47. Rag1 Rf3 48. Rg7 Rxg7 49. hxg7 Kf7 50. Rg1 Kg8 51. Rg6 Rd3+ 52. Ke1 Rd1+ 53. Ke2 Ra1 54. Rxe6 Kxg7 55. Re7+ Kg6 56. Rxa7 Bd1+ 57. Kd2 Bg4 58. Rb7 Rxa3 59. Rxb5 Be6 60. Rb6 Kf5 61. Rb7 Ra2+ 62. Kc1 Ra6 63. Rb6 Ra8 64. Rb2 Rh8 65. Rf2+ 1/2-1/2

[Event "CAN-ch U12"]
[Site "Toronto CAN"]
[Date "1997.01.31"]
[Round "1"]
[White "Wong, Samuel"]
[Black "Sodha, Espen"]
[Result "1/2-1/2"]
[WhiteElo "1873"]
[BlackElo "1514"]
[PlyCount "100"]
[GameId "2160767911966572"]
[EventDate "1997.01.31"]
[EventType "swiss"]
[EventRounds "5"]
[EventCountry "CAN"]
[SourceTitle "EXT 2002"]
[Source "ChessBase"]
[SourceDate "2001.11.25"]
[SourceVersion "1"]
[SourceVersionDate "2001.11.25"]
[SourceQuality "1"]

1. d4 d5 2. c4 e6 3. Nc3 Nf6 4. Bg5 Nbd7 5. e3 c6 6. Nf3 Qa5 7. Nd2 dxc4 8. Bxf6 Nxf6 9. Bxc4 Qg5 10. Qf3 Be7 11. Qg3 Qxg3 12. hxg3 Bd7 13. Nde4 Nd5 14. a3 h6 15. Ke2 O-O 16. Rhc1 Rac8 17. Bd3 Rfd8 18. Nc5 Bxc5 19. dxc5 Nxc3+ 20. Rxc3 Be8 21. Bc4 Rd7 22. Rd1 Rcd8 23. Rxd7 Rxd7 24. Rd3 Kf8 25. Rxd7 Bxd7 26. Kd3 Ke7 27. b4 a6 28. Kc3 e5 29. Kb3 Be6 30. Bxe6 Kxe6 31. Ka4 Kd7 32. Ka5 Kc7 33. e4 g6 34. g4 g5 35. f3 f6 36. g3 Kb8 37. Kb6 Kc8 38. a4 Kb8 39. b5 axb5 40. axb5 cxb5 41. Kxb5 Kc7 42. Kb4 Kd7 43. Kc3 Kc7 44. Kb3 Kd7 45. Ka4 Kc6 46. Kb4 b6 47. cxb6 Kxb6 48. Kc4 Kc6 49. Kb4 Kb6 50. Kc4 Kc6 1/2-1/2

[Event "CAN-ch U12"]
[Site "Toronto CAN"]
[Date "1997.02.01"]
[Round "2"]
[White "Canal, Richard"]
[Black "Awate, Archis"]
[Result "0-1"]
[WhiteElo "1162"]
[BlackElo "1724"]
[PlyCount "68"]
[GameId "2160767911966573"]
[EventDate "1997.01.31"]
[EventType "swiss"]
[EventRounds "5"]
[EventCountry "CAN"]
[SourceTitle "EXT 2002"]
[Source "ChessBase"]
[SourceDate "2001.11.25"]
[SourceVersion "1"]
[SourceVersionDate "2001.11.25"]
[SourceQuality "1"]

1. e4 c6 2. d4 d5 3. Nc3 dxe4 4. Nxe4 Bf5 5. Bd3 Nd7 6. Nf3 e6 7. O-O h6 8. Re1 Bxe4 9. Bxe4 Ngf6 10. c4 Nxe4 11. Rxe4 Nf6 12. Re1 Bd6 13. c5 Be7 14. Ne5 O-O 15. Qd3 Nd5 16. Bd2 Qc7 17. Qg3 Kh8 18. Re4 Bf6 19. Rae1 Rg8 20. h4 g5 21. hxg5 Bxg5 22. Bxg5 Rxg5 23. Qh4 Kh7 24. f4 Rg7 25. g4 f6 26. g5 fxg5 27. fxg5 Rxg5+ 28. Ng4 Qg7 29. Kh2 Rg8 30. Kh3 Nf6 31. Rg1 Nxe4 32. Nf6+ Nxf6 33. d5 Rxg1 34. dxe6 Rh1# 0-1

[Event "CAN-ch U12"]
[Site "Toronto CAN"]
[Date "1997.02.01"]
[Round "2"]
[White "Fortin, Marc"]
[Black "Brown, Ryan"]
[Result "1-0"]
[WhiteElo "1942"]
[BlackElo "1553"]
[PlyCount "111"]
[GameId "2160767911966574"]
[EventDate "1997.01.31"]
[EventType "swiss"]
[EventRounds "5"]
[EventCountry "CAN"]
[SourceTitle "EXT 2002"]
[Source "ChessBase"]
[SourceDate "2001.11.25"]
[SourceVersion "1"]
[SourceVersionDate "2001.11.25"]
[SourceQuality "1"]

1. e4 e5 2. Nf3 Nf6 3. Nxe5 d6 4. Nf3 Nxe4 5. d4 d5 6. Bd3 Bd6 7. O-O O-O 8. c4 c6 9. Nc3 Nxc3 10. bxc3 dxc4 11. Bxc4 Bg4 12. Qd3 Nd7 13. Bg5 Qc7 14. h3 Bh5 15. Rfe1 h6 16. Bd2 Kh8 17. Be3 Bxf3 18. gxf3 Nf6 19. Qf5 Qd8 20. Kh1 b5 21. Bf1 Qd7 22. Qxd7 Nxd7 23. a4 Nb6 24. axb5 cxb5 25. Bxb5 Rfc8 26. Rec1 a5 27. c4 Bb4 28. d5 Bc5 29. Bc6 Bxe3 30. fxe3 Ra7 31. c5 Nd7 32. Bxd7 Rxd7 33. e4 Ra7 34. c6 Ra6 35. Rc5 a4 36. Ra3 Kg8 37. Rc4 Kf8 38. Raxa4 Rxa4 39. Rxa4 Ke7 40. Ra7+ Kf6 41. Rd7 g5 42. c7 Ke5 43. d6 Ra8 44. Rd8 Ra1+ 45. Kg2 Ra2+ 46. Kf1 Kf4 47. c8=Q Kxf3 48. Qf5+ Ke3 49. Qc5+ Kf3 50. Qc1 Rf2+ 51. Kg1 Rg2+ 52. Kh1 Rf2 53. Ra8 Kg3 54. Qg1+ Kf3 55. Ra3+ Ke2 56. Ra2+ 1-0

[Event "CAN-ch U12"]
[Site "Toronto CAN"]
[Date "1997.02.01"]
[Round "2"]
[White "Kovacs, Peter"]
[Black "Sodha, Espen"]
[Result "0-1"]
[WhiteElo "1869"]
[BlackElo "1514"]
[PlyCount "82"]
[GameId "2160767911966575"]
[EventDate "1997.01.31"]
[EventType "swiss"]
[EventRounds "5"]
[EventCountry "CAN"]
[SourceTitle "EXT 2002"]
[Source "ChessBase"]
[SourceDate "2001.11.25"]
[SourceVersion "1"]
[SourceVersionDate "2001.11.25"]
[SourceQuality "1"]

1. e4 e5 2. Nf3 Nc6 3. Bc4 Bc5 4. c3 Nf6 5. d4 exd4 6. e5 Ng8 7. cxd4 Bb4+ 8. Bd2 Bxd2+ 9. Qxd2 d6 10. exd6 cxd6 11. O-O Nge7 12. Nc3 O-O 13. Rfe1 h6 14. Qe2 Bg4 15. Rad1 Nf5 16. h3 Nfxd4 17. Qd3 Bxf3 18. gxf3 Ne5 19. Rxe5 dxe5 20. Qe4 Qg5+ 21. Kh2 Rad8 22. Qxb7 Qf4+ 23. Kg2 Rb8 24. Qe4 Qg5+ 25. Kh2 Rxb2 26. Ne2 Nxe2 27. Bxe2 Qf4+ 28. Qxf4 exf4 29. Bc4 Rxf2+ 30. Kg1 Rxf3 31. Kg2 Rc3 32. Bb3 f3+ 33. Kf1 Rfc8 34. Rd2 a5 35. Kf2 Re8 36. Kf1 Rc1+ 37. Bd1 Rc3 38. Bc2 Rec8 39. Be4 g6 40. Kf2 h5 41. Bd3 Rd8 0-1

[Event "CAN-ch U12"]
[Site "Toronto CAN"]
[Date "1997.02.01"]
[Round "2"]
[White "Landry, Scott"]
[Black "Divljan, Igor"]
[Result "0-1"]
[WhiteElo "1319"]
[BlackElo "1866"]
[PlyCount "44"]
[GameId "2160767911966576"]
[EventDate "1997.01.31"]
[EventType "swiss"]
[EventRounds "5"]
[EventCountry "CAN"]
[SourceTitle "EXT 2002"]
[Source "ChessBase"]
[SourceDate "2001.11.25"]
[SourceVersion "1"]
[SourceVersionDate "2001.11.25"]
[SourceQuality "1"]

1. e4 e5 2. Nc3 Nf6 3. Nf3 Nc6 4. Bc4 Nxe4 5. O-O Nxc3 6. dxc3 d6 7. Bg5 Be7 8. Bxe7 Qxe7 9. Re1 O-O 10. Nd4 Qh4 11. Nf3 Qxc4 12. Nd2 Qe6 13. Ne4 f5 14. Ng5 Qg6 15. Qd5+ Kh8 16. Nf3 Be6 17. Qd3 f4 18. Qd2 Bh3 19. Nh4 Qg4 20. g3 g5 21. Ng2 Qf3 22. Nh4 gxh4 0-1